| 000 | 00822nam a2200241 a 4500 | ||
|---|---|---|---|
| 001 | 11011 | ||
| 003 | CO-ViMGA | ||
| 008 | 141112s2004 ck r 000 u spa d | ||
| 040 |
_aCO-ViMGA _bspa _cCO-ViMGA |
||
| 082 | 0 | 4 | _a338.98 P63p |
| 100 | 1 |
_aCorporación de Servicios de proyectos de Desarrollo - Podion, _915180 |
|
| 245 | 1 | 0 | _aPlanificación de Proyectos y diseño de indicadores |
| 250 | _a2 | ||
| 260 |
_aSantafé de Bogotá, _cEditorial Gazeta, _c1995 |
||
| 300 | _a59 p. il. | ||
| 490 | _aEscuela de Liderazgo Democrático | ||
| 650 | 1 | 4 |
_aEVALUACION DE PROYECTOS _915181 |
| 650 | 1 | 4 |
_aPLANIFICACION COMUNITARIA _915182 |
| 650 | 1 | 4 |
_aPLANIFICACION DE PROYECTOS _915183 |
| 650 | 1 | 4 |
_aPROYECTOS DE DESARROLLO - EVALUACION _915184 |
| 650 | 1 | 4 |
_aPROYECTOS DE DESARROLLO - PLANIFICACION _915185 |
| 942 |
_2ddc _cBK |
||
| 999 |
_c22228 _d22228 |
||